| 000 | 01646nam a2200253Ia 4500 | ||
|---|---|---|---|
| 999 |
_c51733 _d51733 |
||
| 001 | 18725 | ||
| 003 | GE_BSU | ||
| 005 | 20210413133500.0 | ||
| 008 | 181216s2014||||ge |||||||||||||| ||geo|| | ||
| 040 | _cGE_BSU | ||
| 041 | _ageo | ||
| 080 | _a61 ბ-90 | ||
| 100 |
_aბჟალავა, ბონდო _911285 |
||
| 245 |
_aშიზოფრენიით შეპყრობილ პაციენტებში, გულ-სისხლძარღვთა დაავადებების პეპტიდ a-დეფენზიდ 1-ის როლი / _cბონდო ბჟალავა; მეცნ. ხელმძღვანელი შ. პეტრიაშვილი, ზ. ღურცკაია; თბილისის სახელმწიფო სამედიცინო უნ-ტი. |
||
| 264 |
_aთბილისი, _c2014. |
||
| 300 |
_a158 გვ. ; _b30 სმ. |
||
| 653 | _aდისერტაცია | ||
| 653 | _aმედიცინა | ||
| 653 | _aშიზოფრენიით შეპყრობილ პაციენტებში, გულ-სისხლძარღვთა დაავადებების პეპტიდ a-დეფენზიდ 1-ის როლი | ||
| 700 |
_aპეტრიაშვილი, შ. _eმეცნ. ხელმძღვანელი _911286 |
||
| 700 |
_aღურცკაია, ზ. _eმეცნ. ხელმძღვანელი _911287 |
||
| 710 |
_aთბილისის სახელმწიფო სამედიცინო უნ-ტი _911284 |
||
| 942 |
_cBK _2udc |
||